[Event "Challenge"]
[Site "http://www.queenalice.com/game.php?id=1113939"]
[Date "2012.10.19"]
[Round "-"]
[White "If"]
[Black "deimont"]
[Result "0-1"]
[WhiteElo "1515"]
[BlackElo "1346"]

1. e4 e5 2. Nf3 Nc6 3. Nc3 g6 4. Bb5 Bg7 5. Bxc6 dxc6 6. d3 Ne7 7. Be3 O-O 8.
Qd2 b6 9. a4 f5 10. O-O fxe4 11. Nxe4 Qd5 12. c4 Qa5 13. Qxa5 bxa5 14. Bc5 Re8
15. Nxe5 Bxe5 16. d4 Bg7 17. Rae1 Nf5 18. Ng3 Bxd4 19. Rxe8+ Kf7 20. Rf8+ Kg7
21. Nxf5+ gxf5 22. Rxf5 Bxf5 23. Bxd4+ Kg6 24. Re1 Rd8 25. Bxa7 Bc2 26. Ra1 Ra8
27. Bc5 Re8 28. f3 Rf8 29. Be3 Rb8 30. Bf4 Rb4 31. Bxc7 Rxc4 32. Bxa5 Bxa4 33.
Re1 Rc2 34. Re4 Bb3 35. Re3 Rxb2 36. h4 h5 37. Re6+ Bxe6 38. Kh2 c5 39. Kg3 c4
40. f4 Bd5 41. Be1 Rxg2+ 42. Kh3 Rc2 43. Kg3 Rc1 44. Bd2 Rb1 45. Kf2 Rb3 46. Ke2
Be4 47. Bc1 c3 48. Ke3 Kf5 49. Bd2 cxd2+ 50. Kxd2 Kxf4 51. Ke2 Kg4 52. Kf2 Rg3
53. Kf1 Rg2 54. Ke1 Kxh4 55. Kf1 Kg3 56. Ke1 h4 57. Kd1 h3 58. Ke1 h2 59. Kf1
h1=R# 0-1

[Event "Sk8And"]
[Site "http://www.queenalice.com/game.php?id=1114372"]
[Date "2012.10.20"]
[Round "-"]
[White "Sk8"]
[Black "If"]
[Result "1-0"]
[WhiteElo "1737"]
[BlackElo "1676"]

1. e4 e5 2. Qf3 Nf6 3. Bc4 Nc6 4. Nh3 d6 5. Ng5 Be6 6. Bxe6 fxe6 7. Nxe6 Qe7 8.
Nxf8 Qxf8 9. c3 O-O-O 10. d3 Qe7 11. Bg5 Rdf8 12. Qh3+ Kb8 13. O-O h6 14. Bxf6
Rxf6 15. b4 Qe6 16. Qxe6 Rxe6 17. a4 b6 18. a5 bxa5 19. bxa5 a6 20. Nd2 Ka7 21.
Nf3 g5 22. g3 Rf8 23. Nd2 h5 24. Nb3 Rf3 25. Rfd1 Ref6 26. d4 exd4 27. Nxd4 Rxc3
28. Rac1 Rxc1 29. Rxc1 Nxd4 30. Rxc7+ Kb8 31. Rh7 Nf3+ 32. Kg2 h4 33. Rg7 hxg3
34. fxg3 Ne1+ 35. Kh3 Re6 36. Rxg5 Rxe4 37. Rg6 Rd4 38. g4 Nf3 39. Rf6 Rd3 40.
Kg2 Kb7 41. Rxf3 Rd2+ 42. Kg3 d5 43. g5 Re2 44. g6 Re8 45. g7 Rg8 46. Rf7+ Kc6
47. h4 Kd6 48. h5 Ke6 49. Ra7 Kf6 50. h6 Kg6 51. Rxa6+ Kh7 52. Rf6 d4 53. Kf2 d3
54. Ke3 Rd8 55. Rf8 Rd6 56. g8=Q+ Kxh6 57. Qh8+ Kg6 58. Rg8+ Kf7 59. Qg7+ Ke6
60. Re8+ Kd5 61. Qb7+ Kc4 62. Rc8+ 1-0

[Event "VS"]
[Site "http://www.queenalice.com/game.php?id=1114373"]
[Date "2012.10.20"]
[Round "-"]
[White "If"]
[Black "Sk8"]
[Result "1-0"]
[WhiteElo "1597"]
[BlackElo "1676"]

1. e4 e5 2. Nf3 Nc6 3. Nc3 d6 4. Bb5 Qf6 5. Bxc6+ bxc6 6. d4 Qg6 7. g3 Nh6 8.
dxe5 Bg4 9. h3 Bxf3 10. Qxf3 dxe5 11. O-O Bb4 12. Bd2 Qe6 13. Kh2 Ng8 14. a3
Bxc3 15. Bxc3 Nf6 16. Ba5 Rc8 17. b3 c5 18. c4 Qa6 19. b4 Qxc4 20. Rfe1 O-O 21.
Rac1 Qe6 22. Rxc5 c6 23. Rd1 Nd7 24. Rc3 c5 25. bxc5 Nxc5 26. Bb4 Na4 27. Rxc8
Rxc8 28. Rd6 Qa2 29. Rd7 Nb2 30. Rxa7 f6 31. Qf5 Qc4 32. Qd7 Qf7 33. Qxf7+ 1-0

[Event "AIRBUS A300-600R"]
[Site "http://www.queenalice.com/game.php?id=1115212"]
[Date "2012.10.23"]
[Round "-"]
[White "rogeriooliveira"]
[Black "If"]
[Result "0-1"]
[WhiteElo "1383"]
[BlackElo "1632"]

1. e4 e5 2. d4 exd4 3. Qxd4 Nc6 4. Qd5 Nf6 5. Qd3 Bc5 6. Be3 Bxe3 7. Qxe3 Ng4 8.
Qe2 d6 9. f3 Nge5 10. f4 Bg4 11. Qe3 Nb4 12. Qd2 Nbc6 13. fxe5 Nxe5 14. Nc3 O-O
15. Nf3 Bxf3 16. gxf3 Nxf3+ 17. Ke2 Nxd2 18. Kxd2 Qg5+ 19. Kd3 Qf4 20. Bh3 Rfe8
21. Rhf1 Qxh2 22. Rf3 Re5 23. Bf1 Qg1 24. Re1 c5 25. Kd2 Qd4+ 26. Kc1 a6 27. Ne2
Qxe4 28. Rh3 Qb4 29. b3 Qxe1+ 30. Kb2 Qxf1 31. Rc3 Rxe2 32. Ka3 Qc1+ 33. Ka4 b5+
34. Ka5 Qa3+ 35. Kb6 Rb8+ 36. Kc6 Rc8+ 37. Kxd6 c4+ 38. Kd7 Ree8 39. Rxc4 Qe7#
0-1

[Event "Challenge"]
[Site "http://www.queenalice.com/game.php?id=1116322"]
[Date "2012.10.26"]
[Round "-"]
[White "princesher"]
[Black "If"]
[Result "1-0"]
[WhiteElo "1632"]
[BlackElo "1542"]

1. e4 e5 2. Nf3 Nc6 3. Nc3 Bb4 4. a3 Bxc3 5. dxc3 Nf6 6. Bg5 h6 7. Bxf6 Qxf6 8.
Bb5 a6 9. Bxc6 Qxc6 10. Qd5 d6 11. Qxc6+ bxc6 12. h4 Bg4 13. Nd2 Rb8 14. b3 c5
15. f3 Be6 16. c4 f5 17. exf5 Bxf5 18. Ra2 h5 19. O-O O-O 20. Rb2 a5 21. a4 Rf6
22. c3 c6 23. Rd1 Re8 24. b4 Rb8 25. b5 cxb5 26. Rxb5 Ra8 27. Nb3 Bc2 28. Rd2
Bxb3 29. Rxb3 Rd8 30. Rb7 Ra8 31. Rdb2 Rf4 32. Rb8+ Rf8 33. Rxf8+ Kxf8 34. Rb6
Ke7 35. Kf2 g6 36. Ke3 Ke6 37. Ke4 Ra7 38. Rb8 Kf6 39. Kd5 Ra6 40. Rc8 Ke7 41.
Rc7+ Kf6 42. Rd7 Rb6 43. Rxd6+ Rxd6+ 44. Kxd6 g5 45. hxg5+ Kxg5 46. Kxe5 h4 47.
f4+ Kg4 48. f5 Kg3 49. f6 Kxg2 50. f7 h3 51. f8=Q h2 52. Qh6 h1=Q 53. Qxh1+ Kxh1
54. Kd5 Kg2 55. Kxc5 Kf3 56. Kb5 Ke4 57. c5 Kd3 58. c4 Kc3 59. c6 Kb3 60. c7 Ka3
61. c8=Q Kb3 62. Qh3+ Kb2 63. Kxa5 Ka2 64. Kb4 Kb2 65. Qc3+ Ka2 66. Qd2+ Ka1 67.
Kb3 Kb1 68. Qb2# 1-0

[Event "AIRBUS A310-200 III"]
[Site "http://www.queenalice.com/game.php?id=1116415"]
[Date "2012.10.26"]
[Round "-"]
[White "rogeriooliveira"]
[Black "If"]
[Result "0-1"]
[WhiteElo "1492"]
[BlackElo "1648"]

1. e4 e5 2. d4 exd4 3. Qxd4 Nc6 4. Qd5 Nf6 5. Qd3 Ne5 6. Qe2 Bc5 7. Nf3 Nxf3+ 8.
gxf3 d6 9. Bg5 h6 10. Bxf6 Qxf6 11. Nc3 c6 12. O-O-O Bd4 13. Bg2 Bxc3 14. bxc3
O-O 15. Rd2 Qxc3 16. Rd3 Qa1+ 17. Kd2 Qe5 18. Qe3 b6 19. Re1 Qxh2 20. Bf1 Rd8
21. Rd4 Be6 22. e5 Qxe5 23. Qxe5 dxe5 24. Rxd8+ Rxd8+ 25. Kc1 f6 26. c3 Bxa2 27.
Kb2 Rd2+ 28. Kc1 Rxf2 29. Re2 Rxe2 30. Bxe2 h5 31. Kb2 Be6 32. Kc2 h4 33. Kd2 h3
34. Bf1 h2 35. Bg2 a5 36. Kc2 Bh3 37. Bxh3 h1=Q 38. Bd7 c5 39. c4 Qxf3 40. Bh3
Qxh3 41. Kc1 e4 42. Kd1 e3 43. Ke2 a4 44. Ke1 a3 45. Ke2 a2 46. Ke1 Qh2 47. Kd1
a1=Q# 0-1

[Event "VARAO IV"]
[Site "http://www.queenalice.com/game.php?id=1116465"]
[Date "2012.10.27"]
[Round "-"]
[White "perucona"]
[Black "If"]
[Result "0-1"]
[WhiteElo "1415"]
[BlackElo "1616"]

1. e3 e5 2. d3 Nc6 3. d4 exd4 4. e4 Bc5 5. Nf3 d6 6. c3 dxc3 7. bxc3 Nf6 8. Bb5
Nxe4 9. Bxc6+ bxc6 10. Rf1 Bg4 11. c4 O-O 12. h3 Bxf3 13. gxf3 Nf6 14. Kd2 d5
15. Nc3 dxc4+ 16. Ke2 Bb4 17. Bd2 Re8+ 18. Be3 Bxc3 19. Rc1 Nd5 20. Rg1 g6 21.
Rg2 Nf4+ 22. Kf1 Qxd1+ 23. Rxd1 Nxg2 24. Kxg2 a5 25. Bc5 Re2 26. a3 Rae8 27. Rc1
R8e5 28. Rb1 Rxc5 29. Rg1 Re1 30. Rh1 Rg5+ 31. Kh2 Be5+ 32. f4 Bxf4# 0-1

[Event "Challenge"]
[Site "http://www.queenalice.com/game.php?id=1116539"]
[Date "2012.10.27"]
[Round "-"]
[White "gms8"]
[Black "If"]
[Result "0-1"]
[WhiteElo "1387"]
[BlackElo "1547"]

1. e4 e5 2. Qf3 Nf6 3. g4 Bc5 4. c3 d6 5. g5 Bg4 6. Qd3 Nh5 7. f3 Be6 8. Ne2
Qxg5 9. Qb5+ Bd7 10. Qxb7 Bc6 11. Qc8+ Qd8 12. Qg4 g6 13. d4 Bb6 14. Bh3 Nd7 15.
Na3 Ndf6 16. Bg5 h6 17. Bxf6 Nxf6 18. Qg2 Qe7 19. O-O-O d5 20. dxe5 Qxe5 21.
exd5 Bxd5 22. Nb5 Bxa2 23. Ned4 O-O 24. Rhe1 Qc5 25. f4 Bd5 26. Qc2 a6 27. Na3
Qd6 28. Ne2 Qc6 29. Rg1 Bxg1 30. Rxg1 Rfe8 31. f5 g5 32. Nf4 Be4 33. Qe2 Bxf5
34. Qd2 Bxh3 35. Nxh3 Re5 36. Qf4 Rae8 37. Nc2 Kf8 38. Qb4+ R8e7 39. Nd4 Qd6 40.
Qb8+ Re8 41. Qb7 Re1+ 42. Kd2 R8e2+ 43. Kd3 Re3+ 44. Kd2 Ne4+ 45. Kc2 Qxh2+ 46.
Kb3 Nc5+ 47. Ka3 Nxb7 48. Kb3 Rxg1 49. Nxg1 Qxg1 50. Nf5 Re6 51. c4 Rb6+ 52. Kc3
Qc5 53. Ne3 Qxe3+ 54. Kc2 Rb3 55. c5 Nxc5 56. Kb1 Qd3+ 57. Ka1 Na4 58. Ka2 Rxb2+
59. Ka1 Qb1# 0-1

[Event "JAVA III"]
[Site "http://www.queenalice.com/game.php?id=1116558"]
[Date "2012.10.27"]
[Round "-"]
[White "perucona"]
[Black "If"]
[Result "0-1"]
[WhiteElo "1392"]
[BlackElo "1620"]

1. e4 e5 2. d4 exd4 3. Qxd4 Nc6 4. Qd5 Nf6 5. Qd3 Ng4 6. f3 Nge5 7. Qe2 Bb4+ 8.
c3 Bc5 9. Be3 Bxe3 10. Qxe3 d6 11. Na3 Be6 12. O-O-O Bxa2 13. Kc2 Na5 14. f4
Bb3+ 15. Kc1 Bxd1 16. fxe5 Bb3 17. Bb5+ c6 18. Be2 b6 19. Nf3 dxe5 20. Nxe5 O-O
21. Rf1 Qc7 22. Rf3 Qxe5 23. Nc4 Bxc4 24. Rf5 Qxh2 25. Qf2 Rae8 26. Bxc4 Nxc4
27. b3 Na3 28. Rg5 g6 29. Qg3 Qxg3 30. Rxg3 Rxe4 31. b4 Rf4 32. Kb2 Nc4+ 33. Kb3
Nd2+ 34. Kc2 Rf2 35. Rd3 Nc4+ 36. Kb3 b5 37. g4 Rb2# 0-1

[Event "Challenge"]
[Site "http://www.queenalice.com/game.php?id=1116772"]
[Date "2012.10.28"]
[Round "-"]
[White "signifer"]
[Black "If"]
[Result "0-1"]
[WhiteElo "1474"]
[BlackElo "1488"]

1. e4 e5 2. Nc3 Nc6 3. Nf3 Nf6 4. Bb5 Nd4 5. Nxd4 exd4 6. Nd5 Nxd5 7. exd5 Qg5
8. Qf3 Qe5+ 9. Be2 Bc5 10. O-O d6 11. Re1 O-O 12. d3 Bd7 13. Bf4 Qf5 14. Qg3 Qf6
15. Bg5 Qe5 16. Bf4 Qf6 17. Bg5 Qg6 18. Qh4 h6 19. Bh5 hxg5 20. Bxg6 gxh4 21.
Bh5 g6 22. Bf3 b5 23. Re7 Rad8 24. Rae1 Bb4 25. c3 dxc3 26. bxc3 Bxc3 27. Rc1
Bf6 28. Re3 b4 29. Rxc7 Bd4 30. Re2 a5 31. a4 bxa3 32. Ra2 Bb6 33. Rb7 Bc5 34.
Ra7 Bb4 35. g3 h3 36. Ra6 Rfe8 37. Kf1 Re1# 0-1

[Event "Challenge"]
[Site "http://www.queenalice.com/game.php?id=1116811"]
[Date "2012.10.28"]
[Round "-"]
[White "fougalios"]
[Black "If"]
[Result "0-1"]
[WhiteElo "1558"]
[BlackElo "1530"]

1. d4 d5 2. Nf3 Nc6 3. Bf4 Nf6 4. c3 Bg4 5. Nbd2 e6 6. Qb3 b6 7. e3 Bd6 8. Bb5
Qd7 9. Qa4 Ke7 10. Bxc6 Qd8 11. Bxa8 Qxa8 12. Bxd6+ cxd6 13. h3 Bxf3 14. Nxf3 h6
15. O-O Rc8 16. Rac1 a5 17. Rfe1 g5 18. c4 dxc4 19. Rxc4 Rb8 20. Qc6 Rb7 21. Qc8
Qxc8 22. Rxc8 Ne8 23. Rec1 a4 24. Nd2 d5 25. a3 f5 26. Nf3 Kf8 27. R1c7 Rxc7 28.
Rxc7 Nxc7 29. Ne5 Kg7 30. Nd7 b5 31. Nc5 Kf6 32. Kf1 Ke7 33. Ke2 Kd6 34. Nd3 h5
35. Nb4 e5 36. dxe5+ Kxe5 37. f3 f4 38. Nc6+ Kd6 39. Nd4 Kc5 40. Nc2 Kc4 41. Nd4
b4 42. axb4 Kxb4 43. exf4 gxf4 44. Kd2 Nb5 45. Ne6 Kb3 46. Kc1 d4 47. Nxf4 Nd6
48. Ne2 d3 49. Nc3 Nc4 50. Ne4 Nxb2 51. Nc5+ Kc3 52. Ne4+ Kb3 53. Nd2+ Kc3 54.
Ne4+ Kb3 55. Nd2+ Kc3 56. Ne4+ Kb3 57. Nd2+ Ka2 58. f4 a3 59. f5 Na4 60. g4 hxg4
61. hxg4 Nc5 62. f6 Nb3+ 63. Nxb3 Kxb3 64. f7 a2 65. f8=Q a1=Q+ 66. Kd2 Qc3+ 0-1

[Event "JOGAR III"]
[Site "http://www.queenalice.com/game.php?id=1117114"]
[Date "2012.10.29"]
[Round "-"]
[White "rogeriooliveira"]
[Black "If"]
[Result "0-1"]
[WhiteElo "1482"]
[BlackElo "1658"]

1. e4 e5 2. d4 exd4 3. Qxd4 Nc6 4. Qd5 Nf6 5. Qd3 Bc5 6. Be3 d6 7. Bxc5 dxc5 8.
Qe2 Ne5 9. Nc3 O-O 10. Nf3 Bg4 11. h3 Bxf3 12. gxf3 Qe7 13. f4 Nc6 14. e5 Nd7
15. O-O-O Nd4 16. Qg4 a5 17. a4 Nb6 18. Bd3 Rad8 19. Rhg1 f6 20. Qxg7+ Qxg7 21.
Rxg7+ Kxg7 22. Rd2 c6 23. Kd1 fxe5 24. fxe5 Nf3 25. Re2 Ng1 26. Re1 Nf3 27. Re3
Rde8 28. Ke2 Nd4+ 29. Kd2 Rxf2+ 30. Ke1 Ref8 31. e6 R2f6 32. e7 Re8 33. Ne2 Nxe2
34. Kxe2 Nd5 35. Rg3+ Kh8 36. Bc4 Rxe7+ 37. Kd2 Rf2+ 38. Kd3 Nb4+ 39. Kc3 Rxc2+
40. Kb3 Rg7 41. Re3 h5 42. Re8+ Kh7 43. Re5 Rg3+ 44. Bd3+ Rxd3# 0-1

[Event "MAFRA VIII"]
[Site "http://www.queenalice.com/game.php?id=1117197"]
[Date "2012.10.30"]
[Round "-"]
[White "rogeriooliveira"]
[Black "If"]
[Result "0-1"]
[WhiteElo "1326"]
[BlackElo "1535"]

1. e4 e5 2. d4 exd4 3. Qxd4 Nc6 4. Qd5 Nf6 5. Qd3 Nb4 6. Qe2 Bc5 7. c3 Nc6 8. e5
Nd5 9. Be3 Nxe3 10. fxe3 Nxe5 11. Nf3 Nxf3+ 12. gxf3 Qh4+ 13. Kd1 d5 14. Nd2 O-O
15. Qg2 Bxe3 16. Ke2 Re8 17. Qg4 Bxg4 18. fxg4 Bc5+ 19. Kf3 Qf2# 0-1

[Event "Challenge"]
[Site "http://www.queenalice.com/game.php?id=1117203"]
[Date "2012.10.30"]
[Round "-"]
[White "zmanomega"]
[Black "If"]
[Result "0-1"]
[WhiteElo "1480"]
[BlackElo "1495"]

1. d4 d5 2. c4 dxc4 3. e3 b5 4. Qf3 c6 5. Be2 Nf6 6. Nc3 Bd7 7. Nh3 e6 8. Ng5
Be7 9. e4 h6 10. Nh3 c5 11. d5 exd5 12. Nxd5 Nc6 13. O-O Bxh3 14. Qxh3 Nxe4 15.
f3 Qxd5 16. Qg4 Ng5 17. Rd1 Qe6 18. Qxe6 Nxe6 19. Be3 O-O 20. b3 Bf6 21. Rab1
cxb3 22. Rxb3 a6 23. f4 Rad8 24. Rc1 Rd5 25. g4 Rfd8 26. Bf3 R5d6 27. Kg2 Bd4
28. Bg1 Bxg1 29. Kxg1 Ncd4 30. Rd3 Nxf4 31. Rd2 Nxf3+ 32. Kf2 Nxd2 0-1

[Event "PULSAR VI"]
[Site "http://www.queenalice.com/game.php?id=1117205"]
[Date "2012.10.30"]
[Round "-"]
[White "perucona"]
[Black "If"]
[Result "0-1"]
[WhiteElo "1407"]
[BlackElo "1605"]

1. e4 e5 2. d4 exd4 3. Qxd4 Nc6 4. Qd5 Nf6 5. Qd3 Nb4 6. Qe2 Bc5 7. c3 Nc6 8. b4
Bb6 9. Bg5 Ne5 10. Bxf6 Qxf6 11. Nf3 d6 12. Na3 Bg4 13. O-O-O Qf4+ 14. Kc2 Nxf3
15. gxf3 Bxf3 16. Qe1 Bxh1 17. Be2 Bg2 18. Bf1 Bxf1 19. Qxf1 Qxh2 20. Rd2 Qe5
21. Re2 a5 22. b5 O-O 23. Qg1 g6 24. Nb1 Rfe8 25. Qh1 Qxb5 26. f3 Qxe2+ 27. Kb3
a4+ 28. Ka3 Bc5# 0-1

[Event "Challenge"]
[Site "http://www.queenalice.com/game.php?id=1117928"]
[Date "2012.11.1"]
[Round "-"]
[White "pj"]
[Black "If"]
[Result "0-1"]
[WhiteElo "1487"]
[BlackElo "1585"]

1. e4 e5 2. c4 c5 3. h4 h5 4. a4 a5 5. d3 Nf6 6. f3 Nc6 7. Bg5 Be7 8. Nc3 Nh7 9.
Bxe7 Qxe7 10. Nd5 Qd6 11. Nb6 Rb8 12. Rh3 Nd4 13. Nxc8 Rxc8 14. b3 O-O 15. Ra3
Nf6 16. Rg3 g6 17. Nh3 Ne6 18. Qd2 Qd4 19. Qh6 Ng7 20. f4 Ng4 21. Qg5 Ne6 22.
Qe7 Rce8 23. Qxe8 Rxe8 24. f5 gxf5 25. exf5 Nf4 26. Rf3 Nh2 27. Rf2 Nxd3+ 28.
Bxd3 Qxd3 29. Re2 Qb1+ 30. Kf2 Ng4+ 31. Kf3 Qd3+ 32. Re3 Qxe3# 0-1

[Event "FIX YOU III"]
[Site "http://www.queenalice.com/game.php?id=1118955"]
[Date "2012.11.4"]
[Round "-"]
[White "rogeriooliveira"]
[Black "If"]
[Result "0-1"]
[WhiteElo "1358"]
[BlackElo "1627"]

1. e4 e5 2. d4 exd4 3. Qxd4 Nc6 4. Qd5 Nf6 5. Qd3 Nb4 6. Qe2 d6 7. c3 Nc6 8. f3
Be7 9. Bg5 Ne5 10. Bxf6 Bxf6 11. Nd2 O-O 12. O-O-O Be6 13. f4 Nc6 14. Ngf3 Bxa2
15. Re1 Re8 16. Rg1 g6 17. g4 Bd5 18. Ng5 Ba2 19. Kc2 Bxg5 20. fxg5 Qxg5 21. h3
Qc5 22. Bg2 a5 23. Ra1 Nb4+ 24. Kd1 Qxg1+ 25. Qf1 Qc5 26. cxb4 axb4 27. Rc1 Qd4
28. Ra1 Bb3+ 29. Kc1 Rxa1+ 30. Nb1 Qe3# 0-1

[Event "CLOCKS VII"]
[Site "http://www.queenalice.com/game.php?id=1119093"]
[Date "2012.11.5"]
[Round "-"]
[White "rogeriooliveira"]
[Black "If"]
[Result "0-1"]
[WhiteElo "1491"]
[BlackElo "1638"]

1. e4 e5 2. d4 exd4 3. Qxd4 Nc6 4. Qd5 Nf6 5. Qd3 Nb4 6. Qe2 d6 7. c3 Nc6 8. Na3
Be7 9. Bg5 Ne5 10. Bxf6 Bxf6 11. O-O-O O-O 12. Re1 Be6 13. b3 Nc6 14. Nf3 Bxc3
15. Rd1 Qf6 16. Rd3 Nb4 17. Re3 Be5 18. Nxe5 Qxe5 19. Kb1 c6 20. f3 a5 21. g3 a4
22. bxa4 Bxa2+ 23. Kc1 Qa1+ 24. Kd2 Qd4+ 25. Ke1 Nc2+ 26. Kf2 Nxe3 27. Qxe3
Qxe3+ 28. Kg2 Qd2+ 29. Kh3 Ra5 30. Rg1 Rh5+ 31. Kg4 Qg5# 0-1

[Event "CACHIMBO VII"]
[Site "http://www.queenalice.com/game.php?id=1119428"]
[Date "2012.11.6"]
[Round "-"]
[White "perucona"]
[Black "If"]
[Result "0-1"]
[WhiteElo "1399"]
[BlackElo "1613"]

1. e4 e5 2. d4 exd4 3. Qxd4 Nc6 4. Qd5 Nf6 5. Qd3 Nb4 6. Qe2 d6 7. Bg5 Be7 8.
Bxf6 Bxf6 9. c3 Nc6 10. Na3 Ne5 11. Nf3 Bg4 12. h3 Bxf3 13. gxf3 O-O 14. Rg1 c5
15. c4 Qa5+ 16. Kd1 Qb6 17. Rc1 a6 18. Bg2 Ng6 19. Kc2 Qxb2+ 20. Kd1 Qxa3 21.
Ra1 Bxa1 22. Kd2 Qxa2+ 23. Ke3 Bd4+ 24. Kd3 Nf4# 0-1

[Event "Challenge"]
[Site "http://www.queenalice.com/game.php?id=1123398"]
[Date "2012.11.18"]
[Round "-"]
[White "roli68"]
[Black "If"]
[Result "1-0"]
[WhiteElo "1548"]
[BlackElo "1624"]

1. e4 e5 2. Qh5 Bd6 3. Nf3 Nc6 4. Ng5 g6 5. Qg4 Be7 6. d3 h6 7. Nh3 d5 8. Qf3
Bxh3 9. Qxh3 d4 10. Na3 Bxa3 11. bxa3 h5 12. Rb1 b6 13. Rb5 Nge7 14. f4 a6 15.
Rb3 b5 16. fxe5 Nxe5 17. Qg3 Qd6 18. Bf4 N7c6 19. c3 O-O 20. c4 Qc5 21. Qh4 Rac8
22. Qf6 Nd7 23. Qh4 Nde5 24. Be2 bxc4 25. dxc4 Nxc4 26. g4 Rfe8 27. Bf3 Qa5+ 28.
Ke2 Red8 29. Qf6 Kf8 30. Bh6+ Ke8 31. Qxc6+ Rd7 32. Qxc4 c5 33. e5 Re7 34. Bf4
h4 35. h3 Rd7 36. e6 Re7 37. Kf2 f6 38. g5 f5 39. Rhb1 Ra7 40. Rb8 Rxb8 41.
Rxb8+ Ke7 42. Qd5 d3 43. Bd6# 1-0

[Event "REVANCHE"]
[Site "http://www.queenalice.com/game.php?id=1136273"]
[Date "2013.1.2"]
[Round "-"]
[White "If"]
[Black "roli68"]
[Result "1-0"]
[WhiteElo "1667"]
[BlackElo "1483"]

1. e4 d5 2. e5 Nc6 3. Nf3 Nh6 4. d4 e6 5. a3 f6 6. exf6 Qxf6 7. h3 Nf5 8. Be3 b6
9. Nc3 a5 10. Bb5 Bd7 11. O-O Na7 12. Bxd7+ Kxd7 13. Qe2 h5 14. Nb5 c6 15. Ne5+
Ke7 16. Nc3 c5 17. Rad1 g5 18. g3 Nxd4 19. Bxd4 cxd4 20. Rxd4 Qf5 21. Kh2 g4 22.
h4 Bg7 23. Nxd5+ Kf8 24. Rf4 Qxf4 25. Nxf4 Rh6 26. Nd7+ Kg8 27. Rb1 e5 28. Nxe5
Re8 29. Qc4+ Kh7 30. Qe4+ Kg8 31. Qd5+ Kh7 32. Nf7 Nc8 33. Nxh6 Kxh6 34. Qxh5#
1-0

[Event "Challenge"]
[Site "http://www.queenalice.com/game.php?id=1604856"]
[Date "2020.3.29"]
[Round "-"]
[White "If"]
[Black "rogers10"]
[Result "0-1"]
[WhiteElo "1662"]
[BlackElo "1816"]

1. e4 e6 2. Nc3 d5 3. exd5 exd5 4. d4 Nf6 5. Bg5 Be7 6. h3 O-O 7. Nf3 Re8 8. Be2
h6 9. Bxf6 Bxf6 10. O-O b6 11. a4 a5 12. Bd3 Ba6 13. Bxa6 Nxa6 14. Na2 Qd6 15.
c3 c5 16. dxc5 bxc5 17. Rb1 Nb8 18. Qc2 Nc6 19. Rbd1 Ne5 20. Qf5 Nxf3+ 21. Qxf3
d4 22. cxd4 Bxd4 23. b3 Qe5 24. Nc1 Qe4 25. Qxe4 Rxe4 26. Kh1 Rb8 27. Nd3 Rbe8
28. f3 Re2 29. Nc1 Rc2 30. f4 Re3 31. h4 Rg3 32. Nd3 Rgxg2 33. Nf2 Rgxf2 34.
Rxf2 Rxf2 35. Re1 Rxf4 36. Re8+ Kh7 37. Ra8 Bc3 38. Rc8 Bb4 39. Rc7 Kg6 40. Rd7
Rxh4+ 41. Kg2 Rd4 42. Re7 Kf6 43. Re8 Rd3 44. Kf2 Rxb3 45. Re4 Rd3 46. Ke2 Rd4
47. Re8 c4 48. Rc8 c3 49. Rxc3 Bxc3 50. Ke3 Kf5 51. Ke2 Rf4 52. Kd1 h5 53. Kc2
Bb4 54. Kb2 h4 55. Kb1 h3 56. Ka1 Rf2 57. Kb1 h2 58. Kc1 h1=Q# 0-1